Christian home and family living. (Record no. 14597)

000 -LEADER
fixed length control field 00575nam a2200193 a 4500
001 - CONTROL NUMBER
control field :::00012429$&:&@@
003 - CONTROL NUMBER IDENTIFIER
control field OkBaRHE
005 - DATE AND TIME OF LATEST TRANSACTION
control field 20000607103419.0
008 - FIXED-LENGTH DATA ELEMENTS--GENERAL INFORMATION
fixed length control field s1961 j 000 0 eng u
040 ## - CATALOGING SOURCE
Transcribing agency
100 1# - MAIN ENTRY--PERSONAL NAME
Personal name Vander Velde, Frances.
245 10 - TITLE STATEMENT
Title Christian home and family living.
260 ## - PUBLICATION, DISTRIBUTION, ETC. (IMPRINT)
Place of publication, distribution, etc Grand Rapids, MI., :
Name of publisher, distributor, etc Zondervan Publishing House
Date of publication, distribution, etc 1961
300 ## - PHYSICAL DESCRIPTION
Extent 119 p. ;
Dimensions 21 cm.
650 ## - SUBJECT ADDED ENTRY--TOPICAL TERM
Topical term or geographic name as entry element Family
650 ## - SUBJECT ADDED ENTRY--TOPICAL TERM
Topical term or geographic name as entry element Marriage
942 ## - ADDED ENTRY ELEMENTS (KOHA)
Source of classification or shelving scheme
Koha item type Books
Copies
Source of classification or shelving scheme Koha item type Date last seen Shelving location Barcode Price effective from Full call number Lost status Withdrawn status Date acquired Damaged status Not for loan Copy number Permanent Location
 Books2010-04-14General Stacks124292010-04-14HQ 728 .V3  2010-04-14  1RHEMA Bible Training College